000 01524nam a2200229Ia 4500
003 Ost
005 20260507075411.0
008 260507s9999||||xx |||||||||||||| ||und||
040 _cfsecg
041 _aara
082 _a330
100 _aعمر، أيمن علي
_eمؤلف
245 0 _aدراسات متقدمة في التسويق /
_c أيمن علي عمر
260 _aالإسكندرية:
_bالدار الجامعية,
_c2007
300 _a391 صفحة؛
_bإيضاحات ؛
_c25 سم
504 _aالمراجع ص.389
520 _aيضم التسويق من خلال العلاقات بالعملاء، التحديات التسويقية التي تواجه منظمات الأعمال، سياسة المنتج في المفهوم التسويقي، التكتلات الإقتصادية العالمية، السياسات الإقتصادية والقدرة التنافسية للمنتجات المصرية، التجارة الإلكترونية، بعض الإتجاهات الحديثة في التسويق الأخضر، إدارة الازمات التسويقية ومواجهة المشكلات، منطقة التجارة الحرة العربية، منظمة التجارة العالمية، الإتصالات الفعالة في التسويق، جودة الخدمات، التسويق الشبكي، التسويق الإلكتروني
653 _aالتجارة الإلكترونية
653 _aالتسويق
653 _aالتسويق- بحوث
942 _cكتاب
999 _c44394
_d44394